The Ultimate Hivemind Quiz - Statistics

General Stats
  • This quiz has been taken 89 times
    7 since last reset
  • The average score is 32 of 50
Answer Stats
Hint Answer % Correct
What politician does Graydon somehow think Riley's Pikachu impression sounds like? Barack Obama
100%
What American auto powerhouse city are the boys located in? Detroit
100%
Which Hivemind guest is famous for her scarily accurate Eminem impression? Dev Lemons
100%
Who is the producer of Hivemind, who's laugh is the boys' adlib? DJ Grant
100%
To what famous rapper did Graydon apologize after incorrectly guessing his song in one of the games? Eminem
100%
What color does Lil Mabu's female companion like? Purple
100%
What color are the studio's walls? Yellow
100%
Which common Hivemind guess pointed out how nonsensical it was that Lil Mabu says "Mabu, I Like Purple" in Mathematical Disrespect? Brad Taste in Music
86%
What new football channel have the boys created recently? Cheap Seats
86%
What popular album does Riley hate because of the singing? IGOR
86%
What two Canadian YouTubers destroyed Hivemind at a dog names quiz? NFR Podcast
86%
According to a very famous Dignan bit, what plant did Westside Gunn sell crack to? Pine Tree
86%
Who is the most frequent, legendary collaborator of the boys? Quadeca
86%
What are Riley and Graydon's favorite Kanye Album? Yeezus
86%
What audio related game did Quadeca master? 1/16 Second of Audio
71%
Which cartoon character / show did Ant from NFR Podcast witness get murdered in a drug deal gone wrong? Blues Clues
71%
Who is Graydon's favorite music artist? Bob Dylan
71%
Who is Riley's favorite music artist? Bright Eyes / Conor Oberst
71%
What is the first popular Hivemind bit, involving a father's exquisite naval vessel? Daddy's Fancy Boat
71%
What legendary NFL quarterback is Dignan close family friends with? Dan Marino
71%
What famous producer are the boys not sure can father his child? DJ Khaled
71%
What business does Graydon's mom run? Dog Grooming
71%
Which cartoon character does Graydon like to summon if he's ever in a pinch? Kool Aid Man
71%
According the boys, what animal must be killed to run Gary Vee's House? Monkey
71%
What was the bracket winner of the bracket above? Smuckers
71%
Which cartoon character was Graydon in a fraternity with? Spongebob
71%
What is the worst artist bracket the boys ever made? Tyler the Creator
71%
What famous Detroit rapper can Hivemind not stand? Big Sean
57%
What vile food must Riley eat due to his IBS? Cat Shit
57%
What hard liquor was the AI off of according to Quadeca? Hennessey
57%
What famous actor does Riley quote when doing his Ash from Pokemon impression? Joe Pesci
57%
What language did Graydon famous speak to LeBron James when he was watching Game 4 of the NBA Finals on Acid? Latin
57%
According to Riley, what store did Dignan work as a sign spinner for? Little Caesar's
57%
Which famous Hivemind guest famously resurrected a dead child during the middle of a bit? Nickisnotgreen
57%
What does Mabu do as a result? Blow Her Back Out
43%
Which one-hit wonder rapper did Dignan say isn't a real person because he doesn't have a Facebook? CJ
43%
What is the name of the legendary mix of a US military institution and a famous Swedish rapper? Draining Camp
43%
What piece of sporting equipment did Graydon use to kill his high school bully? Golf Club
43%
What drug caused the birth of our dear friend Dignan? Performance Enhancers
43%
What song sampled "I'd Rather Be With You," by Bootsy Collins, NOT the Street EP Graydon bought for $3 in Cincinatti? Redbone
43%
What is Graydon's greatest one liner of all time, involving someone abandoning their faith in order to chase money? Sacrilegeous
43%
What famous actor played twelve years in the NFL according to the boys? Sandra Bullock
43%
What rapper list was Graydon upset that Dignan wasn't on this year? XXL Freshman
43%
What is Riley's greatest one liner of all time, involving a high profile celebrity couple and one of the greatest one hit wonders of all time? Kimbra Gotye
29%
What legendary movie did Riley get to see early as a preview? Monster's University
29%
What horse's name will get the announcers in trouble for saying it? No Seriously I'm Saying I'm Going to Kill The President
29%
What popular ESPN program does Riley desperately want to be on? Top 10 Plays of the Week
29%
How much money did Graydon turn down to have dinner with Conan O'Brien? 490 Dollars
14%
What kind of contest did Riley win an unlimited supply of cigarettes in? Radio Throwing
14%
What is the backup option in case Hivemind cannot continue? The Diggy Show
14%
No matching quizzes found
Score Distribution
Percent of People with Each Score
Percentile by Number Answered
Your Score History
You have not taken this quiz since the last reset